<?xml version="1.0" encoding="UTF-8"?>
<marc:record xmlns:marc="http://www.loc.gov/MARC21/slim">
   <marc:leader>00000nam a2200000 a 4500</marc:leader>
   <marc:datafield ind1="1" ind2=" " tag="100">
      <marc:subfield code="a">Fergie, Natalie</marc:subfield>
      <marc:subfield code="4">aut</marc:subfield>
      <marc:subfield code="e">Verfasser/-in</marc:subfield>
   </marc:datafield>
   <marc:datafield ind1=" " ind2=" " tag="653">
      <marc:subfield code="a">Familiengeschichte</marc:subfield>
   </marc:datafield>
   <marc:datafield ind1=" " ind2=" " tag="653">
      <marc:subfield code="a">Singer-Nähmaschine</marc:subfield>
   </marc:datafield>
   <marc:datafield ind1="0" ind2="0" tag="245">
      <marc:subfield code="a">Die Nähmaschine</marc:subfield>
   </marc:datafield>
   <marc:datafield ind1="0" ind2="0" tag="245">
      <marc:subfield code="b">Roman</marc:subfield>
   </marc:datafield>
   <marc:datafield ind1="0" ind2="0" tag="245">
      <marc:subfield code="c">Fergie, Natalie</marc:subfield>
   </marc:datafield>
   <marc:datafield ind1=" " ind2="1" tag="264">
      <marc:subfield code="a">München</marc:subfield>
      <marc:subfield code="b">Wunderraum</marc:subfield>
      <marc:subfield code="c">2019</marc:subfield>
   </marc:datafield>
   <marc:datafield ind1=" " ind2=" " tag="250">
      <marc:subfield code="a">1. Auflage</marc:subfield>
   </marc:datafield>
   <marc:datafield ind1="1" ind2=" " tag="520">
      <marc:subfield code="a">Angaben aus der Verlagsmeldung&#xD;
&#xD;
Die Nähmaschine : Roman The Sewing Machine / von Natalie Fergie&#xD;
&#xD;
Clydebank 1911: Die junge Jean verliert durch einen Streik in der Singer-Nähmaschinenfabrik Arbeit und Zuhause. Aber sie hinterlässt der Nachwelt eine versteckte Botschaft.&#xD;
Edinburgh 2016: Als Fred das Erbe seiner Großeltern in Augenschein nimmt, findet er eine alte Singer 99K. Darin versteckt: Arbeitsjournale mit Nähproben und Notizen. Lesend begibt sich Fred auf eine Reise in die Vergangenheit und taucht ein in das Leben von vier Frauen  darunter seine Urgroßmutter Kathleen, die sich dank der Nähmaschine eine Existenz aufbaute. Und er erfährt von der mutigen Jean, die mit ihrer Botschaft weit mehr Herzen berührt hat, als sie ahnen konnte.</marc:subfield>
   </marc:datafield>
   <marc:datafield ind1=" " ind2=" " tag="020">
      <marc:subfield code="a">9783336548026</marc:subfield>
      <marc:subfield code="9">9783336548026</marc:subfield>
   </marc:datafield>
   <marc:datafield ind1=" " ind2=" " tag="020">
      <marc:subfield code="a">3336548020</marc:subfield>
      <marc:subfield code="9">3336548020</marc:subfield>
   </marc:datafield>
   <marc:datafield ind1=" " ind2=" " tag="041">
      <marc:subfield code="a">ger</marc:subfield>
   </marc:datafield>
   <marc:datafield ind1=" " ind2=" " tag="338">
      <marc:subfield code="a">Band</marc:subfield>
   </marc:datafield>
   <marc:datafield ind1=" " ind2=" " tag="300">
      <marc:subfield code="a">410 Seiten</marc:subfield>
   </marc:datafield>
</marc:record>
